000 00351nam a2200145Ia 4500
008 230711s9999||||xx |||||||||||||| ||und||
041 _aENG
082 _a5
_bBA-P
100 _aBalagurusamy,E
245 0 _aProgramming in ansi C
250 _a1st Ed.
260 _c1991
_aNew Delhi
_bPradeep publishers
650 _aComputer Engineering
942 _cBK
999 _c2942
_d2942